| 000 | 00786nam a22001937a 4500 | ||
|---|---|---|---|
| 005 | 20250723161142.0 | ||
| 010 | _aB-770013-038 BACEN25 | ||
| 020 |
_a9788179918777 _c850.00 |
||
| 035 | _aB-770013-038 | ||
| 037 | _bBhartiya Sahitya Bhavan | ||
| 082 | _a921 | ||
| 100 |
_aKeer , Dhananjay _983205 |
||
| 245 |
_aDr. Babasaheb Ambedkar: _blife and mission / _cby Dhananjay Keer |
||
| 260 |
_aMumbai _bPopular Prakashan _c2024 |
||
| 270 |
_a301, Bhulabhai Desai Road, _bMumbai _e400026 |
||
| 300 |
_a536p.: _c23cm(pbk) |
||
| 942 |
_2ddc _cEN _h921 _mKEE |
||
| 999 |
_c209530 _d209530 |
||